Tilastot visalle Yhdysvallat-visa

Klikkaa tästä pelataksesi tätä visaa!

Yleistilastot

  • Tätä visaa on pelattu 1 087 kertaa
  • Keskiarvotulos 13 / 24

Vastaustilastot

VihjeVastaus% Oikein
Yhdysvaltain naapurimaatMeksiko
99%
Yhdysvaltain naapurimaatKanada
99%
PääkaupunkiWashington (DC)
97%
Neljä väkiluvultaan suurinta kaupunkiaNew York
90%
Osavaltioiden lukumäärä50
88%
Neljä väkiluvultaan suurinta kaupunkiaLos Angeles
76%
Pinta-alaltaan suurin osavaltioAlaska
73%
Ensimmäinen kuussa kävellyt ihminenNeil Armstrong
71%
KansalliseläinValkopäämerikotka
71%
Kokonaan saarilla sijaitseva osavaltioHavaiji
68%
Suurimmat puolueetDemokraatit
66%
Suurimmat puolueetRepublikaanit
60%
Pisin jokiMississippi / Missouri
58%
Sota, jossa on kuollut eniten
yhdysvaltalaisia
Yhdysvaltain sisällissota
55%
Pinta-alaltaan pienin osavaltioRhode Island
48%
Neljä väkiluvultaan suurinta kaupunkiaChicago
47%
Eniten mitaleja olympialaisissa saavuttanut urheilijaMichael Phelps
35%
Neljä väkiluvultaan suurinta kaupunkiaHouston
30%
Paikka, jossa on mitatttu korkein
lämpötila
Kuolemanlaakso
24%
Itsenäisyysjulistuksen
tärkein kirjoittaja
Thomas Jefferson
14%
Suurin järviYläjärvi
13%
Korkein vuoriDenali
12%
KansallislauluThe Star-Spangled
Banner
12%
Perustuslain kymmenestä ensimmäisestä
lisäyksestä käytettävä nimitys
Bill of Rights
7%

Tulosjakauma

Persentiili vastausten määrän mukaan

Jokaisen tuloksen saaneiden osuus

Tuloshistoriasi

Et ole pelannut tätä visaa